000 01258cab a22002175a 4500
001 L144878
008 080815s2008 xxk f 000 0 eng d
035 _a(Sirsi) u144878
041 0 _aeng
100 1 _aConnal, Craig
245 0 0 _aSleeping soundly in your bed?
_bplanning law meets hazardous substances
260 _c2008
490 _aJournal of Planning and Environment Law
_v(2) 2008, 128-136(9)
520 _aArticle looks at planning law with respect to hazardous substances and argues that it is time to revisit the topic in the light of disasters such as the Stockline Plastics explosion in Glasgow and the petition by Eriden properties for a judicial review by Falkirk council for a hazardous substances consent to KemFine UK at Grangemouth. Also explores the advisory role of the Health and Safety Executive (HSE) in the planning process and the restraints on their involvement.
650 2 4 _aPLANNING (HAZARDOUS SUBSTANCES) ACT 1990
650 2 4 _aPLANNING (HAZARDOUS SUBSTANCES) (SCOTLAND) ACT 1997
650 2 4 _aPLANNING (NOTIFICATION OF APPLICATIONS) (SCOTLAND) DIRECTION 1998
651 4 _aUnited Kingdom
_y
690 _aMANAGEMENT-HEALTH AND SAFETY-HEALTH AND SAFETY RISK MANAGEMENT-HEALTH AND SAFETY RISK ASSESSMENT
942 _n0
999 _c80623
_d80623